The Blossoms and the Green Phantom /

Disasters befall the Blossom family as Pap falls into a dumpster and can't get out, Junior tries desperately to make a success of his secret invention, and Vern dreads letting a new friend meet his unusual family.

Bibliographic Details
Main Author: Byars, Betsy Cromer
Other Authors: Rogers, Jacqueline
Format: Book
Language:English
Published: New York : Dell Publishing, [1987]
Subjects:

MARC

Tag First Indicator Second Indicator Subfields
LEADER 00000cam a2200000 a 4500
001 in00000009786
005 20151007051547.0
008 860721s1987 nyua j 00011 eng
010 |a  86019617  
020 |a 0385295332 
035 |a (OCoLC)14001602 
035 |9 AAA3611AM 
040 |a DLC  |c DLC  |d m/c  |d OCL  |d TXA  |d UtOrBLW 
049 |a [Curr Col] TXAM  |c [A12637129] 
050 0 0 |a PZ7.B9836  |b Bj 1987 
082 0 |a [Fic]  |2 19 
100 1 |a Byars, Betsy Cromer. 
245 1 4 |a The Blossoms and the Green Phantom /  |c Betsy Byars ; illustrated by Jacqueline Rogers. 
264 1 |a New York :  |b Dell Publishing,  |c [1987] 
264 4 |c ©1987 
300 |a 146 pages :  |b illustrations ;  |c 22 cm. 
336 |a text  |b txt  |2 rdacontent 
337 |a unmediated  |b n  |2 rdamedia 
338 |a volume  |b nc  |2 rdacarrier 
520 |a Disasters befall the Blossom family as Pap falls into a dumpster and can't get out, Junior tries desperately to make a success of his secret invention, and Vern dreads letting a new friend meet his unusual family. 
650 1 |a Family life  |x Fiction. 
700 1 |a Rogers, Jacqueline. 
999 |a MARS 
999 f f |s 1eb4a5e7-733d-3251-b4c3-a953c3df8b85  |i 3a24ea63-9333-31e2-b4d6-1e997aaf0301  |t 0 
952 f f |p normal  |a Texas A&M University  |b College Station  |c Sterling C. Evans Library  |d Evans: Curriculum Collection (4th floor)  |t 0  |e PZ7.B9836 Bj 1987  |h Library of Congress classification  |i unmediated -- volume  |m A14812637129 
998 f f |a PZ7.B9836 Bj 1987  |t 0  |l Evans: Curriculum Collection (4th floor)